000 00938nam a2200265Ia 4500
003 OSt
005 20220923225128.0
006 a|||||r|||| 00| 0
007 ta
008 220922b |||||||| |||| 00| 0 hin d
024 _a258,067
037 _cTextual
040 _aARTS
_cARTS
_bhin
041 _2hin
_ahin
082 _aY:1.2w, 152M7
100 _aवर्मा, रतनलाल
_9156318
245 0 _aभारतीय संस्कृति के रक्षक
246 _aBhāratīya sanskṛuti ke rakṣhaka
260 _aउतर प्रदेश
_b भारतीय गुर्जर परिषद्
_c1987
300 _a264पृ.
_ccm.
650 _a भारतीय संस्कृति
_9157954
650 _aभारतीय-लोक साहित्य
942 _hY:1.2w, 152M7
_cTEXL
_2CC
999 _c376277
_d376277